00610cam a22002291 4500001001300000003000400013005001700017008004100034010001700075035002000092040001800112042001200130050001600142100003300158245003600191260001100227300002400238500001600262500005700278650002800335999001700363sa 64005817 DLC20260227112035.0890621s1962 ii 000 1 kano  asa 64005817  a(OCoLC)19906198 aDLCcWaUdDLC apremarc00aPL4658b.S42 aSeshagiri Rao, L. S.,d1925-10aKannaḍa saṇṇa kategaḷu. c[1962] axxx, 318 p.c19 cm. aIn Kannada. aIncludes brief biographical sketches of the authors. 0aShort stories, Kannada. c59336d59336